Discurso del Presidente de México Mtro. Felipe Calderón Hinojosa ante el Congreso de los EUA : Washington, D.C., mayo 20, 2010 /
Guardado en:
| Institution som forfatter: | |
|---|---|
| Andre forfattere: | |
| Format: | |
| Sprog: | engelsk |
| Fag: | |
| Tags: |
Ingen Tags, Vær først til at tagge denne postø!
|
MARC
| LEADER | 00000ngm^a2200000^a^4500 | ||
|---|---|---|---|
| 001 | 000301453 | ||
| 005 | 20250521000000.0 | ||
| 009 | 20260310112545.338 | ||
| 037 | |a Acervo ITESO - Biblioteca | ||
| 041 | |a ING | ||
| 082 | |a 320. 972 |b DIS MEX 2006-2012 V. 1 | ||
| 110 | |a México. |b Presidente. 2006-2012 (Calderón Hinojosa) | ||
| 245 | 1 | 0 | |a Discurso del Presidente de México Mtro. Felipe Calderón Hinojosa ante el Congreso de los EUA : |b Washington, D.C., mayo 20, 2010 / |c F. Calderón Hinojosa. |
| 264 | |a México : |b Presidencia de la República, |c 2010 | ||
| 300 | |a 1 DVD sin dato de región |c (42 min.) | ||
| 336 | |a imagen móvil bidimensional |b tdi |2 rdacontenido | ||
| 337 | |a video |b v |2 rdamedio | ||
| 338 | |a videodisco |b vd |2 rdasoporte | ||
| 649 | |a XX | ||
| 650 | |a Jefes de Estado Mexicanos - |x Discursos - |x Tema Principal | ||
| 650 | |a Políticos Mexicanos - |x Discursos | ||
| 650 | |a Cooperación Internacional | ||
| 650 | |a Apertura Comercial e Integración Económica - |x Tema Principal | ||
| 650 | |a Desarrollo Sustentable - |z México - |x Tema Principal | ||
| 650 | |a Narcotráfico - |z México - |x Tema Principal | ||
| 650 | |a Tráfico de Armas - |z México - |x Tema Principal | ||
| 650 | |a Crimen Organizado - |z México | ||
| 650 | |a Migración - |z México-EUA - |x Tema Principal | ||
| 650 | |a Política Migratoria - |z Arizona, EUA | ||
| 650 | |a Política Migratoria - |z EUA | ||
| 650 | |a Política Antidrogas - |z México | ||
| 650 | |a Política Antidrogas - |z EUA | ||
| 650 | |a Políticas Públicas - |z México | ||
| 650 | |a Políticas Públicas - |z EUA | ||
| 650 | |a Política Exterior - |z México | ||
| 650 | |a Relaciones Internacionales - |z México-EUA | ||
| 650 | |a Economía - |z México - |x Historia - |y 2006-2012 | ||
| 650 | |a Política - |z México - |x Historia - |y 2006-2012 | ||
| 700 | |a Calderón Hinojosa, Felipe |e (autor) | ||
| 910 | |a Fondo General | ||
| 920 | |a Audiovisuales - DVDs | ||
| 905 | |a 302 | ||
| 901 | |a DVD0008546 |b IT2 |c DVS |i D53629 |u 20250521 | ||
| 902 | |a https://opac.biblio.iteso.mx/vufind/Record/000301453 | ||